Statistics for Geography Nicknames

Click here to take the quiz!

General Stats

  • This quiz has been taken 1,389 times
  • The average score is 15 of 20

Answer Stats

TypeNicknameAnswer% Correct
CountryThe Land of the Rising SunJapan
97%
CityThe Big AppleNew York City
97%
CountryLand of the IncasPeru
94%
CountryThe Holy LandIsrael
92%
OtherThe Greatest DesertSahara
90%
CountryThe Emerald IsleIreland
88%
CityBirthplace of DemocracyAthens
87%
RegionGolden StateCalifornia
87%
RegionSunshine StateFlorida
85%
CitySin CityLas Vegas
85%
CityThe Forbidden CityBeijing
80%
CountryLand of Fire and IceIceland
80%
OtherPeaceful OceanPacific
80%
OtherZaire RiverCongo River
72%
OtherPillars of HerculesStrait of {Gibraltar}
65%
RegionWest IndiesCaribbean
56%
CitySteel City (UK)Sheffield
50%
RegionTassieTasmania
36%
OtherImaus MountainsHimalayas
29%
RegionWest CountrySouthwest England
24%

Score Distribution

Percentile by Number Answered

Percent of People with Each Score

Your Score History

You have not taken this quiz